La hora de la estrella /

Guardado en:
Autor Principal: Lispector, Clarice.
Otros Autores: Aguilar, Gonzalo; trad.
Formato: Libro
Idioma:Undetermined
Publicado: Buenos Aires : Corregidor, 2021.
Edición:3a ed.
Series:Vereda Brasil / Biblioteca Lispector ; 17
Materias:
Etiquetas: Agregar Etiqueta
Sin Etiquetas, Sea el primero en etiquetar este registro!
LEADER 01183nam a22003135a 4500
001 CEM.cems018972
008 211020s2021####ag############000#0#und#d
005 20211104202050.0
003 CEMS
245 1 0 |a La hora de la estrella /  |c Clarice Lispector ; contribuciones de Italo Moriconi ; Florencia Garramuño ; Gonzalo Aguilar; prol. 
250 |a 3a ed. 
260 |a Buenos Aires :  |b Corregidor,  |c 2021. 
300 |a 128 p. 
490 1 |a Vereda Brasil / Biblioteca Lispector ;  |v 17 
500 |a Prólogo, introducción y traducción por Gonzalo Aguilar. 
500 |a Edición especial para el Ministerio de Educación de la Nación Argentina. 
020 |a 9789500533171 
100 1 |a Lispector, Clarice. 
700 1 |a Aguilar, Gonzalo; trad. 
653 |a Literatura 
653 |a Literatura Brasilera 
653 |a Narrativa 
653 |a Narrativa Brasilera 
653 |a Novela 
653 |a Novela Brasilera 
653 |a Colección Leer Abre Mundos 
859 |a CEMS  |b BIB. CEMS - Agricultura  |h B869.34  |i L771  |p A3334.21  |t Ej.1 
859 |a CEMS  |b BIB. CEMS - 11 de abril  |h B869.34  |i L771  |p 29242.21  |t Ej. 1 
859 |a CEMS  |b BIB. CEMS - 11 de abril  |h B869.34  |i L771  |p 29131.21  |t Ej. 2